000 00432cam a2200157ua 4500
003 OSt
008 220304b ||||| |||| 00| 0 eng d
041 _aeng
082 _a698.1
_bIND/ST
100 _aIndian standard institution, .
_95189
245 0 0 _aStandard colours for building and decorative finisher /
250 _a1 /
260 _aNew Delhi :
_bIndian Standards Institution ,
_c1973.
300 _a7 ; .
942 _cBK
999 _c2733
_d2733